| 000 | 00901nam a22002177a 4500 | ||
|---|---|---|---|
| 003 | OSt | ||
| 005 | 20260310063652.0 | ||
| 008 | 260310b |||||||| |||| 00| 0 eng d | ||
| 020 | _a0-448-09530-0 | ||
| 040 |
_aDWCL GS lib _cOC |
||
| 082 | _2 K26c 1997 | ||
| 100 | _aCAROLYN KEENE | ||
| 245 |
_aThe clue of the velvet mask _cCAROLYN KEENE |
||
| 260 |
_aNew York _bGrosset & Dunlap _c1997 |
||
| 300 |
_avii, 177 pages: _billustrations _c19cm. |
||
| 520 | _aIn The Clue of the Velvet Mask, Nancy Drew investigates a series of mysterious events involving thefts and disappearances at a theater. A valuable diamond necklace has gone missing, and Nancy notices suspicious activity connected to a masked figure. | ||
| 546 | _aEnglish | ||
| 650 | _2Persevere, Be observant and thoughtful | ||
| 650 | _2Crime has consequences, Courage and intelligence lead to success | ||
| 942 |
_2ddc _cFIC. _hFic. _n0 |
||
| 999 |
_c8867 _d8867 |
||